000 00497nam a22001697a 4500
005 20251108165529.0
008 250721s9999 xx 000 0 ara d
082 1 4 _aم/301.03/غيث
100 1 _aغيث، محمد عاطف
245 1 0 _aقاموس علم الإجتماع /
264 1 _aالإسكندريه :
_bدار المعرفة الجامعية،
_c[19-].
300 _a515ص.
650 1 7 _aعلم الإجتماع
650 1 7 _aالمعاجم
942 _2ddc
_cREF
999 _c30071
_d30071